[Event "Montigny le Bretonneux Noel op 07th"]
[Site "Montigny le Bretonneux"]
[Date "2004.12.31"]
[Round "7"]
[White "Francois, Jean Claude"]
[Black "Hedjazian, Kayhan"]
[Result "0-1"]
[WhiteElo "1939"]
[BlackElo "2124"]
[PlyCount "118"]
[EventDate "2004.12.??"]
[EventType "swiss"]
[EventRounds "7"]
[EventCountry "FRA"]
[SourceTitle "EXT 2006"]
[Source "ChessBase"]
[SourceDate "2005.11.24"]
[SourceVersion "1"]
[SourceVersionDate "2005.11.24"]
[SourceQuality "1"]

1. e4 e6 2. d4 d5 3. e5 c5 4. c3 Nc6 5. Nf3 Qb6 6. Be2 cxd4 7. cxd4 Nh6 8. Qb3 Nf5 9. Be3 Bb4+ 10. Nc3 Bd7 11. 0-0 Na5 12. Na4 Nxb3 13. Nxb6 Nxa1 14. Nxa8 Nc2 15. Nc7+ Ke7 16. Nb5 Bxb5 17. Bxb5 Ncxe3 18. fxe3 Nxe3 19. Rc1 Ba5 20. b4 Bb6 21. a4 a6 22. Bd3 Kd7 23. b5 a5 24. h3 Nf5 25. Bxf5 exf5 26. Kf2 g5 27. g4 h5 28. Ke3 hxg4 29. hxg4 Rh3 30. Rg1 Bxd4+ 31. Kxd4 Rxf3 32. gxf5 Rxf5 33. Rh1 g4 34. Kxd5 g3 35. Ke4 Rg5 36. Kf4 Rg6 37. Rg1 g2 38. Kf5 Ke7 39. e6 Rg7 40. exf7 Kxf7 41. Ke5 Ke7 42. b6 Kd7 43. Kf6 Rg3 44. Kf5 Kc6 45. Kf4 Rg8 46. Kf3 Kxb6 47. Kf2 Kc5 48. Rc1+ Kb4 49. Kg1 Kxa4 50. Ra1+ Kb5 51. Rb1+ Ka6 52. Re1 Rg6 53. Re5 b5 54. Rf5 a4 55. Rf4 Ka5 56. Re4 a3 57. Re2 Ka4 58. Re4+ b4 59. Re2 Rg4 0-1

[Event "France-ch U16"]
[Site "Reims"]
[Date "2004.12.04"]
[Round "3"]
[White "Trouilleux, Kevin"]
[Black "Hedjazian, Kayhan"]
[Result "1-0"]
[WhiteElo "2110"]
[BlackElo "1960"]
[PlyCount "83"]
[EventDate "2004.04.??"]
[EventType "swiss"]
[EventRounds "9"]
[EventCountry "FRA"]
[SourceTitle "EXT 2005"]
[Source "ChessBase"]
[SourceDate "2004.11.15"]
[SourceVersion "1"]
[SourceVersionDate "2004.11.15"]
[SourceQuality "1"]

1. e4 e6 2. d4 d5 3. Nc3 Bb4 4. e5 c5 5. a3 Bxc3+ 6. bxc3 Ne7 7. Nf3 Bd7 8. Bd3 c4 9. Be2 Nbc6 10. 0-0 Qc7 11. a4 f6 12. exf6 gxf6 13. Re1 0-0-0 14. Ba3 Ng6 15. Qd2 Rdg8 16. Bf1 h5 17. h4 Rh7 18. g3 Rhg7 19. Kh1 e5 20. dxe5 Ncxe5 21. Nxe5 Nxe5 22. Bg2 Bc6 23. Qf4 Qf7 24. Qe3 Ng4 25. Qxa7 Nxf2+ 26. Qxf2 Rxg3 27. Re7 Qg6 28. Qf4 Bd7 29. Rxd7 Kxd7 30. Qd6+ Kc8 31. Qe6+ Kb8 32. Bd6+ Ka8 33. Bxg3 Qxg3 34. Qh3 Qf2 35. a5 Rg3 36. Qc8+ Ka7 37. Bxd5 Rg7 38. Qh3 Rg3 39. Qd7 Rg1+ 40. Rxg1 Qxh4+ 41. Kg2 Qg5+ 42. Kf3 1-0

[Event "Paris-ch opA"]
[Site "Paris"]
[Date "2004.07.05"]
[Round "3"]
[White "Hedjazian, Kayhan"]
[Black "Sanchez, Louis"]
[Result "1-0"]
[WhiteElo "2080"]
[BlackElo "2235"]
[PlyCount "68"]
[EventDate "2004.07.03"]
[EventType "swiss"]
[EventRounds "9"]
[EventCountry "FRA"]
[SourceTitle "EXT 2005"]
[Source "ChessBase"]
[SourceDate "2004.11.15"]
[SourceVersion "1"]
[SourceVersionDate "2004.11.15"]
[SourceQuality "1"]

1. d4 c5 2. d5 e5 3. c4 d6 4. Nc3 Be7 5. e4 Bg5 6. Bxg5 Qxg5 7. g3 a6 8. Bg2 Qd8 9. a4 Ne7 10. Nge2 0-0 11. 0-0 Nd7 12. Qd2 Qe8 13. f4 exf4 14. gxf4 f5 15. e5 dxe5 16. d6 Nc6 17. Nd5 Rb8 18. Nc7 Qg6 19. fxe5 Ndxe5 20. Nf4 Qh6 21. Qd5+ Kh8 22. Qxc5 Rd8 23. Rad1 b6 24. Qa3 Bb7 25. c5 bxc5 26. Nfe6 Nd4 27. Rxd4 Bxg2 28. Kxg2 cxd4 29. Nxd8 Qd2+ 30. Kh1 Rxd8 31. Qg3 Qd3 32. Qxd3 Nxd3 33. Rxf5 g6 34. Rd5 Nxb2 1-0

[Event "Montigny le Bretonneux op"]
[Site "Montigny le Bretonneux"]
[Date "2004.05.22"]
[Round "4"]
[White "Hedjazian, Kayhan"]
[Black "Couradin, Jean Marie"]
[Result "1-0"]
[WhiteElo "2080"]
[BlackElo "1680"]
[PlyCount "45"]
[EventDate "2004.05.20"]
[EventType "swiss"]
[EventRounds "9"]
[EventCountry "FRA"]
[SourceTitle "EXT 2007"]
[Source "ChessBase"]
[SourceDate "2006.11.23"]
[SourceVersion "1"]
[SourceVersionDate "2006.11.23"]
[SourceQuality "1"]

1. d4 Nf6 2. c4 d5 3. cxd5 Nxd5 4. Nf3 g6 5. e4 Nb6 6. Nc3 Bg7 7. Be3 Nc6 8. d5 Ne5 9. Nxe5 Bxe5 10. f4 Bg7 11. Be2 Bd7 12. Bd4 f6 13. e5 0-0 14. Qb3 Qc8 15. 0-0 Kh8 16. Rac1 Qd8 17. Bf3 c6 18. a4 cxd5 19. Nxd5 Bxa4 20. Bxb6 axb6 21. Qxb6 Bc6 22. Qxd8 Rfxd8 23. exf6 1-0

[Event "Montigny le Bretonneux op"]
[Site "Montigny le Bretonneux"]
[Date "2004.05.22"]
[Round "5"]
[White "Jakubowski, Richard"]
[Black "Hedjazian, Kayhan"]
[Result "0-1"]
[WhiteElo "1830"]
[BlackElo "2080"]
[PlyCount "76"]
[EventDate "2004.05.20"]
[EventType "swiss"]
[EventRounds "9"]
[EventCountry "FRA"]
[SourceTitle "EXT 2007"]
[Source "ChessBase"]
[SourceDate "2006.11.23"]
[SourceVersion "1"]
[SourceVersionDate "2006.11.23"]
[SourceQuality "1"]

1. e4 e6 2. d4 d5 3. e5 c5 4. Bb5+ Bd7 5. Nc3 Bxb5 6. Nxb5 Qa5+ 7. Nc3 cxd4 8. Qxd4 Nc6 9. Qa4 Qxa4 10. Nxa4 Nxe5 11. Bf4 Nc6 12. a3 Nf6 13. Ne2 Be7 14. 0-0 0-0 15. Be3 b6 16. Nac3 e5 17. Bg5 d4 18. Bxf6 Bxf6 19. Ne4 Be7 20. N2g3 f5 21. Nd2 g6 22. f3 b5 23. Rac1 Bg5 24. Rfd1 Be3+ 25. Kf1 Na5 26. b3 Rac8 27. Ke2 Rc7 28. Ngf1 Bh6 29. h4 Rfc8 30. Kd3 Rc3+ 31. Ke2 d3+ 32. Kf2 Rxc2 33. Rxc2 dxc2 34. Rc1 Rc3 35. g4 Bf4 36. gxf5 gxf5 37. b4 Nc4 38. Nxc4 bxc4 0-1

[Event "Montigny le Bretonneux op"]
[Site "Montigny le Bretonneux"]
[Date "2004.05.20"]
[Round "2"]
[White "Hedjazian, Kayhan"]
[Black "Delpech, Olivier"]
[Result "1-0"]
[WhiteElo "2080"]
[BlackElo "1720"]
[PlyCount "63"]
[EventDate "2004.05.20"]
[EventType "swiss"]
[EventRounds "9"]
[EventCountry "FRA"]
[SourceTitle "EXT 2007"]
[Source "ChessBase"]
[SourceDate "2006.11.23"]
[SourceVersion "1"]
[SourceVersionDate "2006.11.23"]
[SourceQuality "1"]

1. d4 f5 2. e4 fxe4 3. Nc3 Nf6 4. Bg5 d5 5. Bxf6 exf6 6. Qh5+ g6 7. Qxd5 Nc6 8. Qxe4+ Be7 9. 0-0-0 Bf5 10. Qe3 Nb4 11. Rd2 c6 12. Nf3 Nd5 13. Nxd5 Qxd5 14. Kb1 b5 15. Bd3 Be6 16. b3 Kf7 17. Re2 Bb4 18. c4 Qd6 19. cxb5 Rae8 20. Qc1 cxb5 21. Rc2 Rc8 22. h4 a5 23. Bxb5 Bf5 24. Bc4+ Kg7 25. h5 Rhe8 26. hxg6 Bxc2+ 27. Kxc2 Re2+ 28. Kb1 Bd2 29. Rxh7+ Kf8 30. g7+ Ke8 31. g8Q+ Qf8 32. Bb5+ 1-0

[Event "Montigny le Bretonneux op 7th"]
[Site "Montigny le Bretonneux"]
[Date "2003.05.04"]
[Round "9.4"]
[White "Couronne, Patrice"]
[Black "Hedjazian, Kayhan"]
[Result "0-1"]
[WhiteElo "1780"]
[BlackElo "1820"]
[PlyCount "112"]
[EventDate "2003.05.??"]
[EventType "swiss"]
[EventRounds "9"]
[EventCountry "FRA"]
[SourceTitle "EXT 2004"]
[Source "ChessBase"]
[SourceDate "2003.11.25"]
[SourceVersion "1"]
[SourceVersionDate "2003.11.25"]
[SourceQuality "1"]

1. b3 Nf6 2. Bb2 d5 3. e3 c5 4. Nf3 e6 5. Bb5+ Bd7 6. Be2 Be7 7. Ne5 0-0 8. 0-0 Nc6 9. Nxd7 Nxd7 10. d3 Bf6 11. Nc3 a6 12. Rb1 b5 13. Qe1 Nb6 14. f4 b4 15. Nd1 Bxb2 16. Nxb2 a5 17. Rf3 a4 18. c4 axb3 19. axb3 d4 20. e4 Ra3 21. Bd1 Na5 22. Na4 Nxa4 23. bxa4 Qb6 24. Qf1 Rb8 25. Rf2 b3 26. Rfb2 Qb4 27. f5 exf5 28. Qxf5 Qe1+ 29. Qf1 Qxf1+ 30. Kxf1 Rxa4 31. Bxb3 Rab4 32. Ra2 Nxb3 33. Ke1 Kf8 34. Kd1 Ke7 35. Kc2 g6 36. Rab2 Na5 37. Rxb4 Rxb4 38. Ra1 Nc6 39. Re1 Rb7 40. Rf1 Nb4+ 41. Kd2 Ra7 42. Rf3 Ra2+ 43. Kd1 Rxg2 44. h3 h5 45. h4 Rh2 46. Ke1 Rxh4 47. Rg3 Rh2 48. Kd1 h4 49. Rf3 h3 50. Rg3 Rh1+ 51. Ke2 h2 52. Rh3 g5 53. Kf2 Nxd3+ 54. Kg2 Nf4+ 55. Kxh1 Nxh3 56. Kxh2 d3 0-1

[Event "Montigny le Bretonneux op 7th"]
[Site "Montigny le Bretonneux"]
[Date "2003.05.04"]
[Round "8.3"]
[White "Hedjazian, Kayhan"]
[Black "Liard, Thibaud"]
[Result "1/2-1/2"]
[WhiteElo "1820"]
[BlackElo "1860"]
[PlyCount "20"]
[EventDate "2003.05.??"]
[EventType "swiss"]
[EventRounds "9"]
[EventCountry "FRA"]
[SourceTitle "EXT 2004"]
[Source "ChessBase"]
[SourceDate "2003.11.25"]
[SourceVersion "1"]
[SourceVersionDate "2003.11.25"]
[SourceQuality "1"]

1. d4 d5 2. c4 c6 3. e3 e6 4. Nf3 Nf6 5. Nc3 Nbd7 6. Bd3 Bd6 7. 0-0 0-0 8. e4 dxe4 9. Nxe4 Nxe4 10. Bxe4 Nf6 1/2-1/2

[Event "Montigny le Bretonneux op 7th"]
[Site "Montigny le Bretonneux"]
[Date "2003.05.01"]
[Round "3.3"]
[White "Joigneau, Sylvain"]
[Black "Hedjazian, Kayhan"]
[Result "1-0"]
[WhiteElo "2140"]
[BlackElo "1820"]
[PlyCount "91"]
[EventDate "2003.05.??"]
[EventType "swiss"]
[EventRounds "9"]
[EventCountry "FRA"]
[SourceTitle "EXT 2004"]
[Source "ChessBase"]
[SourceDate "2003.11.25"]
[SourceVersion "1"]
[SourceVersionDate "2003.11.25"]
[SourceQuality "1"]

1. c4 Nf6 2. f4 g6 3. Nc3 Bg7 4. e4 d6 5. d4 0-0 6. Nf3 c5 7. d5 e6 8. dxe6 fxe6 9. Be2 a6 10. 0-0 Nc6 11. Kh1 Nd4 12. Be3 Ng4 13. Bd2 Rb8 14. Nxd4 Nxh2 15. Nf3 Nxf1 16. Bxf1 Bd7 17. Qe2 b5 18. cxb5 axb5 19. Qe3 b4 20. Nd1 Bb5 21. Bxb5 Rxb5 22. Ng5 Qe7 23. Qh3 h6 24. Qxe6+ Qxe6 25. Nxe6 Rfb8 26. Nxg7 Kxg7 27. a4 bxa3 28. Rxa3 Re8 29. Bc3+ Kf7 30. Nf2 Rb7 31. g4 Rd7 32. Ra6 Kg8 33. Kg2 Kh7 34. Kf3 Ree7 35. Ra8 Rg7 36. Bxg7 Kxg7 37. Rb8 Ra7 38. Rb6 Ra2 39. Nd1 Ra1 40. Rxd6 Rc1 41. Rd2 Kf7 42. Ne3 Rb1 43. e5 h5 44. Rd7+ Ke8 45. e6 hxg4+ 46. Nxg4 1-0

[Event "Montigny le Bretonneux Noel op 05th"]
[Site "Montigny le Bretonneux"]
[Date "2002.12.30"]
[Round "6.20"]
[White "Bilquez, Romain"]
[Black "Hedjazian, Kayhan"]
[Result "1/2-1/2"]
[WhiteElo "1530"]
[BlackElo "1880"]
[PlyCount "55"]
[EventDate "2002.12.??"]
[EventType "swiss"]
[EventRounds "7"]
[EventCountry "FRA"]
[SourceTitle "EXT 2004"]
[Source "ChessBase"]
[SourceDate "2003.11.25"]
[SourceVersion "1"]
[SourceVersionDate "2003.11.25"]
[SourceQuality "1"]

1. e4 e6 2. d4 d5 3. Nc3 Nf6 4. Bg5 Be7 5. e5 Nfd7 6. Bxe7 Qxe7 7. f4 a6 8. Nf3 c5 9. Qd2 Nc6 10. dxc5 Qxc5 11. 0-0-0 b5 12. Nd4 Nb6 13. Nxc6 Qxc6 14. Ne2 Nc4 15. Nd4 Nxd2 16. Nxc6 Ne4 17. Rg1 Bd7 18. Na5 Rb8 19. Nb3 Ke7 20. Bd3 Nf2 21. Rdf1 Nxd3+ 22. cxd3 Rhc8+ 23. Kd2 b4 24. d4 Rc4 25. Rc1 Rbc8 26. Rxc4 dxc4 27. Nc5 Bb5 28. a3 1/2-1/2

[Event "Montigny le Bretonneux Noel op 05th"]
[Site "Montigny le Bretonneux"]
[Date "2002.12.26"]
[Round "1.15"]
[White "Hedjazian, Kayhan"]
[Black "Benhamouda, Fabrice"]
[Result "1-0"]
[WhiteElo "1880"]
[BlackElo "1560"]
[PlyCount "113"]
[EventDate "2002.12.??"]
[EventType "swiss"]
[EventRounds "7"]
[EventCountry "FRA"]
[SourceTitle "EXT 2004"]
[Source "ChessBase"]
[SourceDate "2003.11.25"]
[SourceVersion "1"]
[SourceVersionDate "2003.11.25"]
[SourceQuality "1"]

1. d4 d5 2. c4 e6 3. Nf3 Nc6 4. Nc3 Nf6 5. Bg5 Be7 6. e3 b6 7. Be2 0-0 8. 0-0 Ba6 9. Qa4 Bb7 10. Rac1 h6 11. Bh4 Nd7 12. Bg3 Ndb8 13. Rfd1 Na6 14. cxd5 Na5 15. Bxa6 Bxa6 16. b4 Bxb4 17. Qxb4 exd5 18. Nb5 Bxb5 19. Qxb5 c6 20. Qe2 Nc4 21. Ne5 Nxe5 22. Bxe5 Rc8 23. Qg4 f6 24. Bg3 Qe8 25. Qf3 Qe4 26. Qxe4 dxe4 27. h3 Rfd8 28. Kf1 Kf7 29. Ke2 Ke6 30. Rc3 Kd5 31. Rdc1 f5 32. f3 exf3+ 33. gxf3 c5 34. dxc5 bxc5 35. Rd1+ Kc6 36. Rxd8 Rxd8 37. Rd3 Rxd3 38. Kxd3 Kb5 39. Kc3 a5 40. Bd6 a4 41. Be7 g5 42. e4 fxe4 43. fxe4 Kb6 44. Kc4 Kc6 45. Bxc5 Kd7 46. Kd5 h5 47. e5 g4 48. e6+ Ke8 49. hxg4 hxg4 50. Bd6 a3 51. Bxa3 g3 52. Bc5 g2 53. a4 g1Q 54. Bxg1 Kd8 55. Kd6 Ke8 56. e7 Kf7 57. Kd7 1-0

[Event "Montigny le Bretonneux Noel op 04th"]
[Site "Montigny le Bretonneux"]
[Date "2001.12.27"]
[Round "2.11"]
[White "Hedjazian, Kayhan"]
[Black "Chevry, Philippe"]
[Result "1/2-1/2"]
[WhiteElo "1580"]
[BlackElo "1766"]
[PlyCount "132"]
[EventDate "2001.12.26"]
[EventType "swiss"]
[EventRounds "7"]
[EventCountry "FRA"]
[SourceTitle "EXT 2003"]
[Source "ChessBase"]
[SourceDate "2002.11.25"]
[SourceVersion "1"]
[SourceVersionDate "2002.11.25"]
[SourceQuality "1"]

1. d4 Nf6 2. c4 e6 3. a3 c5 4. d5 d6 5. Nc3 Be7 6. e4 0-0 7. Nf3 Re8 8. Be2 Bf8 9. Nd2 exd5 10. cxd5 Nbd7 11. f4 b5 12. Qc2 Ng4 13. Qd3 Ndf6 14. h3 b4 15. Nd1 Nh6 16. g4 a5 17. g5 Ba6 18. Qf3 Bxe2 19. Qxe2 Nxd5 20. gxh6 Nxf4 21. Qg4 Qf6 22. Rf1 Nd3+ 23. Ke2 Nxc1+ 24. Rxc1 Qxh6 25. Ne3 Rad8 26. Nd5 Re6 27. Rf2 Qg6 28. Qh4 Rde8 29. Rc4 Qh6 30. Qg4 Rg6 31. Qf5 f6 32. Qf4 Qxh3 33. Rf3 Qh5 34. Nc7 Re5 35. axb4 axb4 36. Rc1 Rg4 37. Qe3 Rg2+ 38. Kd3 Qh2 39. Nc4 Re7 40. Nd5 Qh5 41. Nxe7+ Bxe7 42. Ra1 d5 43. Ra8+ Bf8 44. Rxf8+ Kxf8 45. Qxc5+ Ke8 46. Qc6+ Ke7 47. Qd6+ Ke8 48. Qe6+ Kf8 49. Qc8+ Ke7 50. Qc7+ Kf8 51. Qd8+ Kf7 52. Qxd5+ Kg6 53. Qxh5+ Kxh5 54. b3 Kg4 55. Re3 h5 56. e5 fxe5 57. Nxe5+ Kf5 58. Nf3 g5 59. Nd4+ Kg4 60. Re4+ Kh3 61. Ne2 Rf2 62. Rxb4 Kg2 63. Rb5 Rf3+ 64. Ke4 Kf2 65. Rxg5 Rxb3 66. Rxh5 Kxe2 1/2-1/2

[Event "Saint Quentin op 4th"]
[Site "Saint Quentin"]
[Date "2001.04.19"]
[Round "6.42"]
[White "Rodriguez, Patrick"]
[Black "Hedjazian, Kayhan"]
[Result "1/2-1/2"]
[WhiteElo "1650"]
[BlackElo "1460"]
[PlyCount "134"]
[EventDate "2001.04.15"]
[EventType "swiss"]
[EventRounds "9"]
[EventCountry "FRA"]
[SourceTitle "EXT 2002"]
[Source "ChessBase"]
[SourceDate "2001.11.25"]
[SourceVersion "1"]
[SourceVersionDate "2001.11.25"]
[SourceQuality "1"]

1. e4 d5 2. exd5 Nf6 3. Bb5+ Bd7 4. Bc4 b5 5. Bb3 Bg4 6. f3 Bc8 7. Qe2 a6 8. c4 bxc4 9. Qxc4 Bb7 10. Nc3 Qd6 11. d3 Nbd7 12. Bf4 Nb6 13. Bxd6 Nxc4 14. Ba4+ Nd7 15. dxc4 cxd6 16. Nge2 g6 17. 0-0-0 Bg7 18. Rhe1 Rc8 19. b3 Rd8 20. Nd4 Be5 21. g3 0-0 22. f4 Bf6 23. Bc6 Bxc6 24. dxc6 Nb6 25. Nd5 Nxd5 26. cxd5 Rc8 27. Re2 Rc7 28. b4 Rb8 29. a3 Kf8 30. Kc2 e6 31. dxe6 Bxd4 32. e7+ Rxe7 33. Rxe7 Kxe7 34. Rxd4 Rc8 35. Rc4 d5 36. Rc5 Kd6 37. Kd3 Rxc6 38. Rxc6+ Kxc6 39. Kd4 Kd6 40. a4 f5 41. b5 a5 42. h3 h6 43. b6 Kc6 44. b7 Kxb7 45. Kxd5 Kb6 46. g4 fxg4 47. hxg4 h5 48. gxh5 gxh5 49. f5 h4 50. Ke4 h3 51. Kf3 h2 52. Kg2 Kc6 53. Kxh2 Kd6 54. Kg3 Ke7 55. Kf3 Kf7 56. Ke4 Kf6 57. Kf4 Kf7 58. Ke5 Ke7 59. Kd5 Kf6 60. Kc5 Kxf5 61. Kb5 Ke6 62. Kxa5 Kd7 63. Ka6 Kc7 64. Ka7 Kc6 65. a5 Kc7 66. a6 Kc8 67. Kb6 Kb8 1/2-1/2